书目信息 |
| 题名: |
中外文化交流与华侨华人研究
|
|
| 作者: | 李未醉 著 | |
| 分册: | ||
| 出版信息: | 成都 电子科技大学出版社 2014.03 |
|
| 页数: | 345页 | |
| 开本: | 24cm | |
| 丛书名: | 历史学研究丛书 | |
| 单 册: | ||
| 中图分类: | G125 , D634.3 | |
| 科图分类: | ||
| 主题词: | 中外关系--文化交流--研究 , 华侨--研究--世界 , 华人--研究--世界 , 中外关系 , 文化交流 , 华侨 , 华人 | |
| 电子资源: | ||
| ISBN: | 978-7-5647-1952-4 | |
| 000 | 01182oam2 2200349 450 | |
| 001 | 0120141253222 | |
| 005 | 20140611150039.03 | |
| 010 | @a978-7-5647-1952-4@dCNY65.00 | |
| 100 | @a20140313d2014 em y0chiy0110 ea | |
| 101 | 0 | @achi |
| 102 | @aCN@b510000 | |
| 105 | @ay z 000yy | |
| 106 | @ar | |
| 200 | 1 | @a中外文化交流与华侨华人研究@9zhong wai wen hua jiao liu yu hua qiao hua ren yan jiu@f李未醉著 |
| 210 | @a成都@c电子科技大学出版社@d2014.03 | |
| 215 | @a345页@d24cm | |
| 225 | 2 | @a历史学研究丛书 |
| 330 | @a本书分上下两篇。中外文化交流篇探讨了古代中外音乐文化交流、中越文史哲交流、中外科技文化交流和近现代中加文化交流等;华侨华人篇分别以亚洲华侨华人和加拿大华侨华人为研究对象,客观论述海外华侨人的艰难历程和辉煌成就。 | |
| 333 | @a中外文化交流与华侨人研究相关人员 | |
| 461 | 0 | @12001 @a历史学研究丛书 |
| 606 | 0 | @a中外关系@x文化交流@x研究 |
| 606 | 0 | @a华侨@x研究@y世界 |
| 606 | 0 | @a华人@x研究@y世界 |
| 606 | 0 | @a中外关系 |
| 606 | 0 | @a文化交流 |
| 606 | 0 | @a华侨 |
| 606 | 0 | @a华人 |
| 690 | @aG125@v5 | |
| 690 | @aD634.3@v5 | |
| 701 | 0 | @a李未醉@9li wei zui@f(1965-)@4著 |
| 801 | 0 | @aCN@b人天书店@c20140313 |
| 905 | @b845249-51@dG125@e127@f3 | |
| 中外文化交流与华侨华人研究/李未醉著.-成都:电子科技大学出版社,2014.03 |
| 345页;24cm.-(历史学研究丛书) |
| 使用对象:中外文化交流与华侨人研究相关人员 |
| ISBN 978-7-5647-1952-4:CNY65.00 |
| 本书分上下两篇。中外文化交流篇探讨了古代中外音乐文化交流、中越文史哲交流、中外科技文化交流和近现代中加文化交流等;华侨华人篇分别以亚洲华侨华人和加拿大华侨华人为研究对象,客观论述海外华侨人的艰难历程和辉煌成就。 |
| ● |
| 相关链接 |
|
|
|
|
正题名:中外文化交流与华侨华人研究
索取号:G125/127
 
预约/预借
| 序号 | 登录号 | 条形码 | 馆藏地/架位号 | 状态 | 备注 |
| 1 | 845249 | 208452495 | 第一样本阅览室/ [索取号:G125/127] | 在馆 | |
| 2 | 845250 | 208452501 | 第四借阅区/ [索取号:G125/127] | 在馆 | |
| 3 | 845251 | 208452510 | 第四借阅区/ [索取号:G125/127] | 在馆 |